Literatura rusa
Uloženo v:
| Hlavní autor: | |
|---|---|
| Médium: | Kniha |
| Jazyk: | španělština |
| Vydáno: |
Santiago
Nascimento
1930
|
| Témata: | |
| Tagy: |
Přidat tag
Žádné tagy, Buďte první, kdo vytvoří štítek k tomuto záznamu!
|
MARC
| LEADER | 00000nam a2200000 a 4500 | ||
|---|---|---|---|
| 001 | UCY8286 | ||
| 003 | CL-VaPUC | ||
| 008 | 950703e19300000CL |||||||||||||||||spa|d | ||
| 082 | 0 | 4 | |a 891.709 |b AMF |2 21 |
| 100 | 0 | |a Amfiteatrov, Alejandro |e author |9 339563 | |
| 245 | 1 | 0 | |a Literatura rusa |
| 300 | |a 86 p | ||
| 942 | |c BK | ||
| 945 | |d 19950703 00:00:00 |a rbrito | ||
| 260 | |a Santiago |b Nascimento |c 1930 | ||
| 650 | 0 | |a Literatura rusa |9 318370 | |
| 650 | 0 | |a Crítica literaria |9 269189 | |
| 583 | |a last modification |c 19950703 00:00:00 |k Rodrigo Vera | ||
| 999 | |c 235557 |d 235555 | ||
| 952 | |0 0 |1 0 |4 0 |6 891_709000000000000_AMF_1930 |7 0 |8 A |9 243064 |a BIBEDU |b BIBEDU |d 2019-11-18 |i 3096939 |o 891.709 AMF 1930 |p 3096939 |r 2019-11-18 |w 2019-11-18 |y BK |k LIT | ||